Statistics for Most Populated Cities in Spain by Picture

Click here to take the quiz!

General Stats

  • This quiz has been taken 24 times
  • The average score is 9 of 16

Answer Stats

Answer% Correct
Barcelona
100%
Madrid
100%
Seville
90%
Valencia
90%
Bilbao
85%
Málaga
75%
Granada
60%
Zaragoza
55%
Alicante
45%
Las Palmas
40%
Murcia
40%
Palma
35%
Oviedo
30%
Vigo
30%
Cartagena
10%
Santa Cruz de Tenerife
5%

Score Distribution

Percentile by Number Answered

Percent of People with Each Score

Your Score History

You have not taken this quiz